Databázová aplikácia v prostredí WEB pre asociácu military paintball

Guardado en:
Detalles Bibliográficos
Autor principal: Lovíšková, Klaudia, 1989- (Autor)
Otros Autores: Nemlaha, Eduard, 1969- (Orientador)
Formato: Manuscrito Libro
Lenguaje:eslovaco
Publicado: Trnava : STU v Bratislave MTF UIAM, 2012
Materias:
Acceso en línea:VAIS
Etiquetas: Agregar Etiqueta
Sin Etiquetas, Sea el primero en etiquetar este registro!

MARC

LEADER 00000ntm a22000003a 4500
001 stu251103
005 20150617230203.9
008 120719s2012----xo------------------slo-d
040 |a STU  |b slo 
041 0 |a slo 
044 |a xo 
100 1 |a Lovíšková, Klaudia,  |d 1989-  |4 aut  |u M  |T MTF Materiálovotechnologická fakulta  |X 69497  |U M  |Y 60  |7 A000069497 
242 0 0 |a WEB database application for military paintball association  |y eng 
245 1 |a Databázová aplikácia v prostredí WEB pre asociácu military paintball 
260 |a Trnava :  |b STU v Bratislave MTF UIAM,  |c 2012 
300 |a 60 s  |c príl 
650 7 |a aplikovaná informatika a automatizácia v priemysle  |2 stusub 
650 7 |a Applied Informatics and Automation in Industry  |2 estusub 
650 7 |a physical model  |2 estusub 
650 7 |a database  |2 estusub 
650 7 |a fyzický model  |2 stusub 
650 7 |a databáza  |2 stusub 
700 1 |a Nemlaha, Eduard,  |d 1969-  |4 ths  |u M6000  |U MTF Materiálovotechnologická fakulta  |T MTF Ústav aplikovanej informatiky, automatizácie a matematiky  |X 2759  |U M6000  |Y 86  |7 A000002759 
856 4 |a info a plný text  |u http://is.stuba.sk/zp/portal_zp.pl?podrobnosti=71182  |3 VAIS 
996 |c M*BP-5903  |l MMSKP  |s P  |a 0  |w stu251103_0001